Tính toán sữa chữa dây quấn máy điện

保存先:
書誌詳細
第一著者: Nguyễn, Thế Kiệt
フォーマット: 図書
言語:Undetermined
出版事項: Hà Nội Giao thông Vận tải 2004
主題:
タグ: タグ追加
タグなし, このレコードへの初めてのタグを付けませんか!
Thư viện lưu trữ: Trung tâm Học liệu Trường Đại học Cần Thơ
LEADER 00601nam a2200205Ia 4500
001 CTU_94526
008 210402s9999 xx 000 0 und d
020 |c 45000 
082 |a 621.312 
082 |b K308/T.1 
100 |a Nguyễn, Thế Kiệt 
245 0 |a Tính toán sữa chữa dây quấn máy điện 
245 0 |c Nguyễn Thế Kiệt 
260 |a Hà Nội 
260 |b Giao thông Vận tải 
260 |c 2004 
650 |a Electric engineering 
650 |x Materials 
904 |i Trúc 
980 |a Trung tâm Học liệu Trường Đại học Cần Thơ